LIBRARY & INFORMATION CENTRE, KCAET, TAVANUR

ONLINE PUBLIC ACCESS CATALOGUE (OPAC)

Mechanics of machines / (Record no. 12174)

MARC details
000 -LEADER
fixed length control field 00470cam a2200193ua 4500
041 ## - LANGUAGE CODE
Language code of text/sound track or separate title eng
082 ## - DEWEY DECIMAL CLASSIFICATION NUMBER
Classification number 621.8
Item number RAM/ME
100 ## - MAIN ENTRY--AUTHOR NAME
Personal name Ramamurti, V .
245 ## - TITLE STATEMENT
Title Mechanics of machines /
250 ## - EDITION STATEMENT
Edition statement 2 /
260 ## - PUBLICATION, DISTRIBUTION, ETC. (IMPRINT)
Place of publication New Delhi :
Name of publisher Narosa Publishing House ,
Year of publication 2005.
300 ## - PHYSICAL DESCRIPTION
Number of Pages 338 ; .
500 ## - GENERAL NOTE
General note 20880-Scheme
942 ## - ADDED ENTRY ELEMENTS (KOHA)
Koha item type Books
Holdings
Withdrawn status Lost status Damaged status Home library Current library Shelving location Date acquired Full call number Accession Number Koha item type
      KAUAET KAUAET Scheme 07/04/2012 621.8 20880 Book Bank scheme for SC students
free website counter